Improving the security of web-based systems

Saved in:
Bibliographic Details
Main Author: Szabo, Viktor (Author)
Other Authors: Hudec, Ladislav (Thesis advisor)
Format: Manuscript Book
Language:Slovak
English
Published: 2025
Subjects:
Online Access:http://is.stuba.sk/zp/portal_zp.pl?podrobnosti=177165
Tags: Add Tag
No Tags, Be the first to tag this record!

MARC

LEADER 00000ntm a22000003a 4500
001 stuzp105860
003 SK-STU
005 20250607211845.8
007 ta
008 150427s2015----xo-----f-mn---000-0-slo-d
040 |a STU  |b slo 
041 0 |a eng 
100 1 |a Szabo, Viktor  |u 070400  |4 aut  |U FIIT Fakulta informatiky a informačných technológií  |T FIIT Ústav počítačového inžinierstva a aplikovanej informatiky  |X 98901  |U I400  |Y 672  |7 98901 
242 0 1 |a Zvýšenie bezpečnosti webových systémov  |y slo 
245 1 0 |a Improving the security of web-based systems 
260 |c 2025 
650 4 |a image processing  |2 eng 
650 4 |a intrusion detection systems  |2 eng 
650 4 |a deep learning  |2 eng 
650 4 |a spracovanie obrazu  |2 slo 
650 4 |a systém detekcie preniku  |2 slo 
650 4 |a hlboké učenie  |2 slo 
700 1 |a Hudec, Ladislav  |u 070400  |k Z1  |4 ths  |U FIIT Fakulta informatiky a informačných technológií  |T FIIT Ústav počítačového inžinierstva a aplikovanej informatiky  |X 2081  |U I400  |Y 672  |7 2081 
856 4 |u http://is.stuba.sk/zp/portal_zp.pl?podrobnosti=177165